Co to za państwo (dziwne podpowiedzi) #7 - Statystyki

Ogólne statystyki
  • Ten quiz został rozwiązany 160 razy
  • Średni wynik to 8 z 15
Statystyki odpowiedzi
Kontynent Ludność Ilość krai graniczących Podział na.... Morze/Ocean Państwo % Poprawnych
Europa 38 386 010 7 Województwa Bałtyckie Polska
88%
Europa 1 950 000 4 Powiaty Bałtyckie Łotwa
83%
Ameryka Północna 124 574 795 3 Stany Karaibskie Meksyk
80%
Europa 17 303 291 2 Prowincje Północne Holandia
76%
Ameryka Południowa 33 036 196 5 Regiony Spokojny Peru
62%
Ameryka Południowa 3 360 148 2 Departamenty Atlantycki Urugwaj
61%
Azja 7 131 000 4 Muhafazy Martwe Jordania
58%
Azja 20 130 000 0 Prowincje Indyjski Sri Lanka
54%
Azja 32 050 000 4 Stany Południowochińskie Malezja
44%
Afryka 19 245 344 7 Regiony ----- Niger
40%
Oceania 647 581 0 Prowincje Spokojny Wyspy Salomona
38%
Azja 16 013 000 3 Prowincje Południowochińskie Kambodża
37%
Afryka 6 163 195 2 Prowincje Atlantycki Sierra Leone
32%
Afryka 2 484 780 4 Regiony Atlantycki Namibia
25%
Azja 2 042 444 1 Okręgi Indyjski Katar
24%
Nie znaleziono quizów pasujących do podanych kryteriów
Rozkład punktacji
Procent ludzi z każdym wynikiem
Percentyl według liczby udzielonych odpowiedzi
Twoja historia wyników
Nie rozwiązałeś tego quizu